K nezastupitelné úloze literární výchovy

Bibliographic Details
Main Author: Motyka, Karel (Author)
Format: Article
Language:Czech

MARC

LEADER 00000nab a2200000uu 4500
001 vtls011438108
003 SK-MaSNL
005 20260303145649.0
008 230222| xo |||||||||||||||||cze|
015 |a SNBRB 
035 |a (urnnbn)urn:nbn:sk:snk:ar-002nzq 
035 |a (uuid)00a55452-ed8e-4b59-b803-0aefddd7bcd5 
035 |a urn:nbn:sk:snk-abcd43 
040 |a SNKBUCL  |b slo  |c SNKBUCL  |e AACR2 
041 0 |a cze 
044 |a xo  |c SK 
100 1 |a Motyka, Karel  |4 aut  |9 377045 
245 1 0 |a K nezastupitelné úloze literární výchovy  |c Karel Motyka 
773 0 |t Predškolská výchova : pedagogický časopis pre učiteľky materských škôl  |g Roč. 32, č. 11 (1977-1978), s. 305-308 
958 |a OND 
958 |a EUIPO 
958 |a article16 
999 |c 2004397  |d 2006327